Mistrzowie Wimbledonu od 2010 roku - Statystyki

Ogólne statystyki
  • Ten quiz został rozwiązany 221 razy
  • Średni wynik to 13 z 13
Statystyki odpowiedzi
Rok Zawodniczka Narodowość % Poprawnych
2022 Novak Djoković Serbia
100%
2021 Novak Djoković Serbia
100%
2019 Novak Djoković Serbia
100%
2018 Novak Djoković Serbia
100%
2015 Novak Djoković Serbia
100%
2014 Novak Djoković Serbia
100%
2011 Novak Djoković Serbia
100%
2010 Rafael Nadal Hiszpania
96%
2017 Roger Federer Szwajcaria
96%
2012 Roger Federer Szwajcaria
96%
2023 Carlos Alcaraz Hiszpania
92%
2016 Andy Murray Wielka Brytania
85%
2013 Andy Murray Wielka Brytania
85%
Nie znaleziono quizów pasujących do podanych kryteriów
Rozkład punktacji
Procent ludzi z każdym wynikiem
Percentyl według liczby udzielonych odpowiedzi
Twoja historia wyników
Nie rozwiązałeś tego quizu